000 00451nam a2200181Ia 4500
003 OSt
005 20230607163054.0
008 210423s2008 xx 000 0 und d
040 _cAL
041 _aeng
082 _a421
_223
_bDALS
100 _aDALLAS (Don).
_9121938
245 _aSpeaking english effectively.
260 _aHyderabad
_bOrient Longman
_c2008
365 _cINR
906 _aeffectively. ; english ; Speaking
942 _2ddc
_cBK
999 _c175141
_d175141